000
00309nam a22000977a 4500
008
150713b xxu||||| |||| 00| 0 eng d
010
_8
HCCRSARF:025
245
_a
HIGH COURT CRIMINAL SESSION NO.199 OF 1974 Uganda Vs Ahamada Mukasa
260
_a
High Court Kampala
500
_3
BEFORE: Hon. Mr. Justice F.K. Butagira
999
_c
7715
_d
7715